Normal view MARC view

Entry Meeting Name

Number of records used in: 1

001 - CONTROL NUMBER

  • control field: 27228

003 - CONTROL NUMBER IDENTIFIER

  • control field: OSt

005 - DATE AND TIME OF LATEST TRANSACTION

  • control field: 20211105135102.0

008 - FIXED-LENGTH DATA ELEMENTS

  • fixed length control field: 211105|| aca||aabn | a|a d

040 ## - CATALOGING SOURCE

  • Original cataloging agency: OSt
  • Transcribing agency: OSt

111 ## - HEADING--MEETING NAME

  • Meeting name or jurisdiction name as entry element: European Southern Observatory and Universitats-Sternwarte Muchen Workshop
  • Location of meeting: Venice, Italy
  • Date of meeting or treaty signing: 2001 Oct. 24-26

670 ## - SOURCE DATA FOUND

  • Source citation: Work cat.: (OSt): European Southern Observatory and Universitats-Sternwarte Muchen Workshop Venice, Italy 2001 Oct. 24-26, The Mass of galaxies at low and high redshift, 2003

Powered by Koha